Obtenga el sí consigo mismo: superar los obstáculos interiores para negociar con éxito
Guardat en:
| Autor principal: | |
|---|---|
| Format: | Llibre |
| Idioma: | espanyol |
| Publicat: |
Buenos Aires
Random House Mondadori
2015
|
| Edició: | 1a. ed |
| Matèries: | |
| Etiquetes: |
Afegir etiqueta
Sense etiquetes, Sigues el primer a etiquetar aquest registre!
|
MARC
| LEADER | 00000cam a2200000 a 4500 | ||
|---|---|---|---|
| 001 | UCE8796 | ||
| 003 | CL-VaPUC | ||
| 008 | 150904e20150000ag |||||||||||||||||spa|d | ||
| 020 | |a 9789871941162 | ||
| 082 | 0 | 4 | |a 158.1 |b URY |2 21 |
| 100 | 0 | |a Ury, William |e author |9 581527 | |
| 245 | 1 | 0 | |a Obtenga el sí consigo mismo: superar los obstáculos interiores para negociar con éxito |
| 250 | |a 1a. ed | ||
| 300 | |a 186 p | ||
| 942 | |c BK | ||
| 945 | |d 20150904 11:50:00 |a dcastane | ||
| 260 | |a Buenos Aires |b Random House Mondadori |c 2015 | ||
| 650 | 0 | |a Autoayuda |9 317869 | |
| 650 | 0 | |a Autoconocimiento |9 388028 | |
| 583 | |a last modification |c 20150904 11:50:00 |k Rodrigo Vera | ||
| 999 | |c 360570 |d 360568 | ||
| 952 | |0 0 |1 0 |3 erb |4 0 |6 158_100000000000000_URY_2015 |7 0 |8 A |9 470438 |a BIBENE |b BIBENE |i 5196604 |o 158.1 URY 2015 |p 5196604 |r 2025-01-15 |w 2019-11-23 |y BK |z Catalogado en:20150904 |k ICO | ||